Επεξεργασία και παροχή πολυμεσικών υπηρεσιών σε περιβάλλον Cloud computing : μεταπτυχιακή εργασία
Η παρούσα Εργασία επικεντρώνεται στην επεξεργασία και την παροχή πολυμεσικών υπηρεσιών σε περιβάλλον CC και η διάρθρωσή της έχει ως εξής. Στο πρώτο Κεφάλαιο γίνεται μια εισαγωγή στην έννοια του cloud computing, παρατίθενται ο ορισμός και τα διάφορα χαρακτηριστικά του, τα μοντέλα υπηρεσιών και υποδομ...
Αποθηκεύτηκε σε:
| Κύριος συγγραφέας: | |
|---|---|
| Συγγραφή απο Οργανισμό/Αρχή: | |
| Μορφή: | Thesis Βιβλίο |
| Γλώσσα: | Greek |
| Δημοσίευση: |
2016.
|
| Θέματα: | |
| Διαθέσιμο Online: | http://hdl.handle.net/11610/23242 |
| Ετικέτες: |
Προσθήκη ετικέτας
Δεν υπάρχουν, Καταχωρήστε ετικέτα πρώτοι!
|
MARC
| LEADER | 00000cam a2200000 a 4500 | ||
|---|---|---|---|
| 001 | 1/113313 | ||
| 008 | 170309s2016####gr | ||| |||| ||gre|| | ||
| 040 | |a GR-MyUa |b gre |c GR-MyUa |e AACR2 | ||
| 041 | 0 | |a gre | |
| 082 | 7 | |a 004.6782 |2 (23) | |
| 100 | 1 | |a Καραπέτσας, Αθανάσιος. | |
| 245 | 1 | 0 | |a Επεξεργασία και παροχή πολυμεσικών υπηρεσιών σε περιβάλλον Cloud computing : |b μεταπτυχιακή εργασία / |c Αθανάσιος Καραπέτσας ; επιβλέπων καθηγητής Χαράλαμπος Σκιάνης. |
| 260 | |c 2016. | ||
| 300 | |a 116 σ. : |b εικ. ; |c 30 εκ. | ||
| 500 | |a Μέλη της εξεταστικής επιτροπής: Σκιάνης, Χαράλαμπος, Κορμέντζας, Γεώργιος, Πάλλης, Ευάγγελος. | ||
| 502 | |a Διατριβή (μεταπτυχιακή) - Πανεπιστήμιο Αιγαίου, Σάμος, 2016. | ||
| 504 | |a Βιβλιογραφία: σ. 109-116. | ||
| 506 | 1 | |a Διάθεση πλήρους κειμένου ; |d Ενδοπανεπιστημιακή δημοσίευση. | |
| 520 | 8 | |a Η παρούσα Εργασία επικεντρώνεται στην επεξεργασία και την παροχή πολυμεσικών υπηρεσιών σε περιβάλλον CC και η διάρθρωσή της έχει ως εξής. Στο πρώτο Κεφάλαιο γίνεται μια εισαγωγή στην έννοια του cloud computing, παρατίθενται ο ορισμός και τα διάφορα χαρακτηριστικά του, τα μοντέλα υπηρεσιών και υποδομής, τα πλεονεκτήματα και τα μειονεκτήματά του. Επιπλέον, γίνεται μια σύντομη εισαγωγή στο ζήτημα της ασφάλειας, αντικείμενο μεγάλης πολεμικής και ανησυχίας. Στη συνέχεια εξετάζονται σε μεγαλύτερο βάθος μερικές από τις πλέον δημοφιλείς εφαρμογές CC, καταγράφονται τα επιμέρους χαρακτηριστικά τους και αναλύεται ο τρόπος με τον οποίο αυτές αξιοποιούν τα πλεονεκτήματα του CC. Στο κύριο μέρος της εργασίας το ενδιαφέρον εστιάζεται στις πολυμεσικές υπηρεσίες, στην επεξεργασία και παροχή τους σε περιβάλλον CC. Αναλύεται η αρχιτεκτονική των πολυμεσικών συστημάτων CC (multimedia cloud computing), οι έννοιες του media cloud και του cloud media, καθώς και οι τρόποι με τους οποίους διευθετούνται τα ζητήματα της κατανομής φορτίου και της εξοικονόμησης ενέργειας. Επιπλέον, καταγράφονται κάποιες από τις σημαντικότερες πολυμεσικές εφαρμογές CCκαι περιγράφεται ο τρόπος λειτουργίας τους και τα οφέλη που αποκομίζουν από την χρήση των υπηρεσιών CC. Στο τέλος γίνεται μια σύντομη εισαγωγή στο mobile CC, περιγράφονται τα ιδιαίτερα χαρακτηριστικά του, αναφέρεται η συσχέτισή του με το πολυμεσικό CCκαι καταγράφονται κάποιες από τις εφαρμογές που βασίζονται σε αυτό. Κλείνοντας καταγράφονται τα συμπεράσματα της εργασίας αυτής, όπως και κάποιες προτάσεις για μελλοντική έρευνα. | |
| 540 | |a Κλειδωμένη η δυνατότητα αντιγραφής (copy) του κειμένου. | ||
| 650 | 0 | |a Dissertations, Academic |z Greece. | |
| 650 | 0 | |a Cloud computing. | |
| 650 | 0 | |a Multimedia systems. | |
| 700 | 1 | |a Σκιάνης, Χαράλαμπος, |e dgs | |
| 710 | 2 | |a Πανεπιστήμιο Αιγαίου. |b Σχολή Θετικών Επιστημών. |b Τμήμα Μηχανικών Πληροφοριακών και Επικοινωνιακών Συστημάτων. |b Π.Μ.Σ. Τεχνολογίες και Διοίκηση Πληροφοριακών και Επικοινωνιακών Συστημάτων. | |
| 852 | |a INST |b SAMOS |c DIATR |e 20170309 |h 004.6782 ΚΑΡ |p 005300044408 |q 005300044408 |t MTXE |y 23 | ||
| 856 | |u http://hdl.handle.net/11610/23242 | ||
| 924 | |a Καραπέτσας |b Αθανάσιος |y Σάμος |z 2016-04 | ||
| 970 | |a Κοσιέρης |b Χρήστος |z 09-03-2017 | ||